LIBRARY & INFORMATION CENTRE, KCAET, TAVANUR

ONLINE PUBLIC ACCESS CATALOGUE (OPAC)

Nisabdathayude Putri / (Record no. 332)

MARC details
000 -LEADER
fixed length control field 00284cam a2200121ua 4500
082 ## - DEWEY DECIMAL CLASSIFICATION NUMBER
Classification number 894.812 301
Item number RAM/NI
100 ## - MAIN ENTRY--AUTHOR NAME
Personal name Ramakrishnan Nair, Attoor K .
245 ## - TITLE STATEMENT
Title Nisabdathayude Putri /
250 ## - EDITION STATEMENT
Edition statement 1 /
260 ## - PUBLICATION, DISTRIBUTION, ETC. (IMPRINT)
Place of publication :
Name of publisher S K Nair ,
Year of publication 1966.
300 ## - PHYSICAL DESCRIPTION
Number of Pages 71 ; .
942 ## - ADDED ENTRY ELEMENTS (KOHA)
Koha item type Books
Holdings
Withdrawn status Lost status Damaged status Home library Current library Date acquired Full call number Accession Number Koha item type
Withdrawn     KAUAET Malayalam University 07/04/2012 894.812 301 11233 Books
free website counter